000 00532nam a2200193Ia 4500
005 20250326143557.0
008 250326s9999 xx 000 0 und d
020 _a0-07-059055-9
037 _aTextbook
040 _aFMSL
_beng
_cFMSL
041 _aeng
_2eng
084 _aX:71 M9
_qFMSL
100 _aMaddala G S
245 0 _aMicroeconomics : Theory and applications
_cMaddala G S; Miller E
260 _aN
_bN, D Tata McGraw- Hill
_c1989
300 _a634p
942 _cTB
_hX:71 M9
999 _c1300140
_d1300140